|
|
|
|
| LEADER |
00000cam a2200000 a 4500 |
| 001 |
vtls001079546 |
| 003 |
SK-MaSNL |
| 005 |
20260425221815.0 |
| 008 |
250428s1988 xo n 000 0 slo |
| 015 |
|
|
|a SNBA1989/01
|
| 035 |
|
|
|a SNK000022383
|
| 035 |
|
|
|a urn:nbn:sk:snk-amjb2x
|
| 035 |
|
|
|a urn:nbn:sk:snk-am002ilr
|
| 035 |
|
|
|a 22211579-9C2C-447C-8A18-9B08F8561EE7
|
| 040 |
|
|
|a SNK
|b slo
|c SNK
|e AACR2
|
| 041 |
|
|
|a slo
|
| 044 |
|
|
|a xo
|c SK
|
| 080 |
|
|
|a 061
|2 2001
|
| 080 |
|
|
|a 316.7
|2 2001
|
| 080 |
|
|
|a (437.6)
|2 2001
|
| 080 |
|
|
|a (048.8)
|2 2011
|
| 100 |
1 |
|
|a Geguš, Ivan,
|d 1926-2007
|4 aut
|9 116222
|
| 245 |
1 |
0 |
|a Kultúrnopolitická orientácia Matice slovenskej v rokoch 1919-1938
|c Ivan Geguš
|
| 250 |
|
|
|a 1. vyd.
|
| 260 |
|
|
|a Martin
|b Matica slovenská
|c 1988
|e Martin
|f Matica slovenská
|
| 300 |
|
|
|a 160 s.
|c 24 cm
|
| 366 |
|
|
|e 1000 výt. , Nepredajné
|
| 490 |
1 |
|
|a Teória a výskum
|
| 500 |
|
|
|a Monografie. Zv. 12. Lit. 232. Nepredajné. Rozmn. 232 zázn. v slov.
|
| 504 |
|
|
|a Bibliogr.: s. 139-160
|
| 610 |
2 |
7 |
|a Matica slovenská
|2 SNKKA
|9 14662
|
| 648 |
|
7 |
|a 1919-1938
|2 SNKPH
|9 278322
|
| 650 |
0 |
7 |
|a inštitúcie a organizácie
|2 SNKPH
|9 66282
|
| 650 |
0 |
7 |
|a kultúra
|2 SNKPH
|9 886
|
| 650 |
0 |
7 |
|a Institutions and organizations
|2 SNKPHeng
|9 265182
|
| 650 |
0 |
7 |
|a Culture
|2 SNKPHeng
|9 265082
|
| 651 |
|
7 |
|a Martin (Slovensko)
|2 SNKPH
|9 16875
|
| 651 |
|
7 |
|a Slovensko
|x dejiny
|2 SNKPH
|9 13278
|
| 651 |
|
7 |
|a Slovakia
|x history
|2 SNKPHeng
|9 266841
|
| 655 |
|
7 |
|a monografie
|2 SNKPH
|9 70139
|
| 655 |
|
7 |
|a Monographs
|2 SNKPHeng
|9 120675
|
| 830 |
|
0 |
|a Teória a výskum
|9 278242
|
| 958 |
|
|
|a EUIPO
|
| 958 |
|
|
|a OND
|
| 958 |
|
|
|a SP
|
| 958 |
|
|
|a SK
|
| 958 |
|
|
|a NB
|
| 958 |
|
|
|a KL
|
| 999 |
|
|
|c 533596
|d 535526
|
| 952 |
|
|
|a SNK
|b SNK
|y VYP
|7 0
|p 17A0193261
|o snkSC 73332 D3
|0 0
|1 0
|4 0
|d 1999-04-30
|l 0
|r 2004-12-31 00:00:00
|w 2026-02-23
|
| 952 |
|
|
|a SNK
|b SNK
|y VYP
|7 0
|p 17A1137144
|o snkSC 73332 D1
|i snkKSP 11401/88
|0 0
|1 0
|4 0
|d 2002-01-28
|l 0
|r 2004-12-31 00:00:00
|w 2026-02-23
|
| 952 |
|
|
|a SNK
|b SNK
|y PREZ
|7 0
|p 17A0975575
|o snkSC 73332
|0 0
|1 0
|4 0
|d 2012-09-23
|l 0
|r 2025-07-29 00:00:00
|w 2026-02-23
|
| 952 |
|
|
|t snkGEG 061 MS
|a SNKUST
|b SNKUST
|y PREZ
|7 0
|p 17A0190004
|o snkSC 73332 D2
|i snkD 3755/88
|8 1
|0 0
|1 0
|4 0
|d 1999-04-23
|l 0
|r 2025-03-21 00:00:00
|w 2026-02-23
|